000 01114 a2200253 4500
003 Nust
005 20221229171505.0
020 _a0-13-061970-1
040 _cNust
082 1 _a621.395,WOL
100 1 _aWolf, Wayne
_966807
245 0 0 _aModern VLSI design :
_bsystems on silicon /
_cWayne Wolf
250 _a2nd ed.
260 _aUpper Saddle River, N.J. :
_bPrentice Hall PTR,
_ccop. 2002
300 _axx, 618 p
_bill.
505 _aDigital Systems and VLSI (Page-1), Transistor and Layout (Page-33), Logic Gates (Page-111), Combinational Logic Networks (Page-185), Subsystem Design (Page-311), Floor planning (Page-359), Architecture Design (Page-399), Chip Design (Page-473), CAD Systems and Algorithms (Page-509), A Chip Designer’s Lexicon (Page-553).
650 7 _aIntegrated circuits
650 7 _aIntegrated circuits
_xVery large scale integration
_92955
650 7 _aIntegrerade kretsar
_92959
650 7 _aIntegrerade kretsar (Datorteknik)
_92957
650 7 _aLow voltage integrated circuits
_xDesign and construction
_xData processing
_92956
650 7 _aVLSI
_92958
942 _2ddc
_cBK
999 _c193524
_d193524